000 00271nam a22001217a 4500
082 _a920
_bGOP/S
100 _aGOPALAN,SHANTI
245 _aSCIENTISTS OF INTERNATIONAL REPUTE
260 _aINDIA
_bSURA BOOKS
300 _a92
650 _aBIOGRAPHIES
_zINDIA
942 _cBK
999 _c6422
_d6422